• 首页
  • 本馆介绍
  • 公告通知
  • 最新文献
  • 馆藏检索
  • 电子资源
  • 读者导购
  • 参考咨询
  • 我的图书馆
  • 登录
  • 详细信息显示
  • 放入我的书架
  • 预约/预借图书
  • 作者相关作品
  • 分类相关作品
  • 丛书相关作品
  • 出版社相关作品

书目信息

  • 表格格式
  • 工作单格式
  • 卡片格式
题名:
我看赫鲁晓夫
    
 
作者: 布尔拉茨基 著 ;思谋 编
分册:  
出版信息: 北京   世界知识出版社  1988.12
页数: 177页
开本: 19cm
丛书名: 苏联新思维译丛
单 册:
中图分类: D751.20
科图分类:
主题词: 政治--苏联--概况
电子资源:
ISBN: 7-5012-0209-5
000 00675nam0 2200229 45
001 0404281522
005 20050328163406.9
010    @a7-5012-0209-5@dCNY2.20
100    @a20040428d1988 km y0chiy0120 ea
101 0  @achi
105    @a z 000yy
200 1  @a我看赫鲁晓夫@AWo Kan He Lu Xiao Fu@f(苏)布尔拉茨基等著@F(Su)Bu Er La Ci Ji Deng Zhu@g思谋编
210    @a北京@c世界知识出版社@d1988.12
215    @a177页@d19cm
225    @a苏联新思维译丛
410    @12001 @a苏联新思维译丛
606 0  @a政治@x苏联@x概况
690    @aD751.20@v3
701  0 @a布尔拉茨基@4著
702  0 @a思谋@ASi Mou@4编
801    @aCN@bPftUser@c20040428
905    @dD751.20@e153:1@f1@b242196
    
    我看赫鲁晓夫/(苏)布尔拉茨基等著/思谋编.-北京:世界知识出版社,1988.12
    177页;19cm.-(苏联新思维译丛)
    
    
    ISBN 7-5012-0209-5:CNY2.20
    
●
相关链接 在E读中查询图书 在五车中查询图书 在当当中查询图书 在豆瓣中查询图书


正题名:我看赫鲁晓夫     索取号:D751.20/153:1         预约/预借

序号 登录号 条形码 馆藏地/架位号 状态 备注
1 0242196   002030787   密集书库/ [索取号:D751.20/153:1] 在馆    
2 0242197   001018062   密集书库/ [索取号:D751.20/153:1] 在馆    
3 0242198   001018071   第一借阅区/ [索取号:D751.20/153:1] 在馆    
4 0242199   001018099   密集书库/ [索取号:D751.20/153:1] 在馆    
唐山师范学院图书馆 欢迎您!
大连网信软件有限公司© 版权所有